Spread spectrum transceiver / (Record no. 188625)
[ view plain ]
| 000 -LEADER | |
|---|---|
| fixed length control field | 00743 a2200193 4500 |
| 003 - CONTROL NUMBER IDENTIFIER | |
| control field | NUST |
| 005 - DATE AND TIME OF LATEST TRANSACTION | |
| control field | 20251111190454.0 |
| 040 ## - CATALOGING SOURCE | |
| Transcribing agency | Nust |
| 082 ## - DEWEY DECIMAL CLASSIFICATION NUMBER | |
| Classification number | 621.382,RAS |
| 100 ## - MAIN ENTRY--PERSONAL NAME | |
| Personal name | Rasheed, GC Farhan, (TCC-10) |
| 9 (RLIN) | 131822 |
| 245 ## - TITLE STATEMENT | |
| Title | Spread spectrum transceiver / |
| Statement of responsibility, etc. | GC Farhan Rasheed, GC Wajahat Jamil & GC Omer Cheema, GC Kashif Bashir and GC Yousaf Javed. |
| 260 ## - PUBLICATION, DISTRIBUTION, ETC. | |
| Place of publication, distribution, etc. | Rawalpindi |
| Name of publisher, distributor, etc. | MCS (NUST) |
| Date of publication, distribution, etc. | 2002 |
| 300 ## - PHYSICAL DESCRIPTION | |
| Extent | 113 p.; |
| 505 ## - FORMATTED CONTENTS NOTE | |
| Formatted contents note | Spread Spectrum (Page-1), RF Design (Page-39), Block Diagram (page-62), Modules (Page-69), Software (Page-970, Problems Faced and Suggestions for Future (Page-109). |
| 650 ## - SUBJECT ADDED ENTRY--TOPICAL TERM | |
| Topical term or geographic name entry element | UG Projects |
| 9 (RLIN) | 98716 |
| 651 ## - SUBJECT ADDED ENTRY--GEOGRAPHIC NAME | |
| Geographic name | TCC-10 |
| 9 (RLIN) | 131808 |
| 700 ## - ADDED ENTRY--PERSONAL NAME | |
| Personal name | Supervised by Lt Col Raja Iqbal |
| 9 (RLIN) | 131785 |
| 942 ## - ADDED ENTRY ELEMENTS (KOHA) | |
| Koha item type | Project Report |
| Source of classification or shelving scheme | |
| Withdrawn status | Lost status | Source of classification or shelving scheme | Damaged status | Not for loan | Permanent Location | Current Location | Shelving location | Date acquired | Full call number | Barcode | Date last seen | Price effective from | Koha item type | Public note |
|---|---|---|---|---|---|---|---|---|---|---|---|---|---|---|
| Military College of Signals (MCS) | Military College of Signals (MCS) | Reference | 12/12/2016 | 621.382, RAS | MCSPTC-39 | 12/08/2016 | 12/12/2016 | Project Report | Almirah No. 94, Shelf No. 1 |
